Jógátky : pohádky a cvičení pro malé jogínky /
Pohádky na motivy eticko-morálního základu jógy, doplněné návody na provedení jógových ásan. Pro společný poslech rodičů s dětmi.
Uloženo v:
| Hlavní autor: | |
|---|---|
| Další autoři: | |
| Médium: | E-audiokniha |
| Jazyk: | Czech |
| Vydáno: |
Praha :
Fragment,
[2018]
|
| Témata: | |
| Tagy: |
Žádné tagy |
| LEADER | 02951nim a2200721 i 4500 | ||
|---|---|---|---|
| 001 | 313022 | ||
| 003 | CZ PrSKC | ||
| 005 | 20260601215733.0 | ||
| 007 | sd fungnnmmned | ||
| 008 | 190617p20182017xr nnnng iz n cze | ||
| 015 | |a cnb003102990 | ||
| 024 | 3 | |a 8594050424197 | |
| 040 | |a ABA001 |b cze |e rda | ||
| 072 | 7 | |a 821-93 |x Literatura pro děti a mládež (beletrie) |2 Konspekt | |
| 080 | |a 233-852.5Y |2 MRF | ||
| 080 | |a 37.015.31:17 |2 MRF | ||
| 080 | |a 796.012.62 |2 MRF | ||
| 080 | |a (0:82-34) |2 MRF | ||
| 080 | |a (086.7.053.2) |2 MRF | ||
| 080 | |a (086.7)08 |2 MRF | ||
| 080 | |a (086.76) |2 MRF | ||
| 100 | 1 | |a Hu, Barbora, |d 1988- |7 xx0208184 |4 aut | |
| 245 | 1 | 0 | |a Jógátky : |b pohádky a cvičení pro malé jogínky / |c Barbora Hu |
| 264 | 1 | |a Praha : |b Fragment, |c [2018] | |
| 264 | 4 | |c ©2018 | |
| 300 | |a 1 audiodisk (2 hod., 14 min.) ; |c 12 cm | ||
| 306 | |a 021400 | ||
| 336 | |a mluvené slovo |b spw |2 rdacontent | ||
| 337 | |a audio |b s |2 rdamedia | ||
| 338 | |a audiodisk |b sd |2 rdacarrier | ||
| 344 | |a digital |b optical |2 rda | ||
| 347 | |a audio soubor |b MP3 |2 rda | ||
| 500 | |a Název z disku | ||
| 500 | |a Copyright Albatros Media | ||
| 500 | |a Podle stejnojmenné knihy vydané nakladatelstvím Fragment ve společnosti Albatros Media roce 2018 | ||
| 500 | |a CD ve formátu MP3 | ||
| 511 | 0 | |a Vypráví Iveta Dušková | |
| 518 | |o Nahráno |d říjen 2017 |p zvukové studio DAMU, Praha | ||
| 520 | 2 | |a Pohádky na motivy eticko-morálního základu jógy, doplněné návody na provedení jógových ásan. Pro společný poslech rodičů s dětmi. | |
| 521 | 1 | |a Děti od 5 let | |
| 650 | 0 | 7 | |a jóga |7 ph114850 |2 czenas |
| 650 | 0 | 7 | |a etická výchova |7 ph120004 |2 czenas |
| 650 | 0 | 7 | |a ásany |7 ph451676 |2 czenas |
| 655 | 7 | |a pohádky |7 fd133054 |2 czenas | |
| 655 | 7 | |a zvukové záznamy pro děti a mládež |7 fd186726 |2 czenas | |
| 655 | 7 | |a audioknihy |7 fd119452 |2 czenas | |
| 655 | 7 | |a kompaktní disky |7 fd201991 |2 czenas | |
| 700 | 1 | |a Dušková, Iveta, |d 1962- |7 xx0134305 |4 nrt | |
| 900 | |a ABA001 |b 18 | ||
| 044 | |a xr | ||
| 505 | 0 | 0 | |t AHIMSA - NENASILI (17 min., 35 sek.) |
| 505 | 0 | 0 | |t SATJA - PRAVDIVOST (13 min., 21 sek.) |
| 505 | 0 | 0 | |t ASTEJA - NEKRADENI (12 min., 8 sek.) |
| 505 | 0 | 0 | |t BRAHMACARJA - ZDRZENLIVOST (13 min., 8 sek.) |
| 505 | 0 | 0 | |t APARIGRAHA - NEHRABIVOST (11 min., 50 sek.) |
| 505 | 0 | 0 | |t SAUCA - CISTOTA (12 min., 57 sek.) |
| 505 | 0 | 0 | |t SANTOSA - SPOKOJENOST (16 min., 29 sek.) |
| 505 | 0 | 0 | |t TAPAS - DISCIPLINA (10 min., 45 sek.) |
| 505 | 0 | 0 | |t SVADHJAJA - SEBEPOZNANI (13 min., 3 sek.) |
| 505 | 0 | 0 | |t ISVARPRANIDHANA - POZNANI VYSSIHO PRINCIPU (12 min., 31 sek.) |
| 910 | |a RBIT002 | ||
| 998 | |d 206641 |a https://core.palmknihy.cz/api/books/206641/cover?she7zv |b https://core.palmknihy.cz/api/books/206641/cover/400?she7zv |c https://core.palmknihy.cz/api/books/206641/cover/50?she7zv |e 2037-12-31 |i 8594050424197 |l 7980 |q 49 |r 1 |s https://www.palmknihy.cz/kniha/206641 |t audiobook |y 2018 |z 0 | ||
| 999 | |d 313020 | ||